| 000 | 02728nam a22002897a 4500 | ||
|---|---|---|---|
| 005 | 20120614163057.0 | ||
| 010 | _aB-483826-832 | ||
| 020 |
_a9789380823355 _c300.00 |
||
| 035 | _aB-483826-832 | ||
| 037 | _bके.के.पब्लिकेशंस | ||
| 082 | _a080 | ||
| 100 |
_aसिन्हा, मृदुला _953069 |
||
| 245 |
_aविकास का विश्वास / _cमृदुला सिन्हा |
||
| 260 |
_aनई दिल्ली _bप्रतिभा प्रतिष्ठान _c2012 |
||
| 270 |
_a1661, दखनीराय स्ट्रीट, नेताजी सुभाष मार्ग _bनई दिल्ली _e110002 |
||
| 300 |
_a216पृ. _c22 सें.मी.(सजिल्द) |
||
| 942 |
_2ddc _cHN _mसिन्हामृ _h080 |
||
| 999 |
_c67945 _d67945 |
||